Statistics for Smallest Countries Quiz

Click here to take the quiz!

General Stats

  • This quiz has been taken 190 times
  • The average score is 4 of 9

Answer Stats

HintAnswer% Correct
Smallest country in South AmericaSuriname
78%
Smallest country in continental North AmericaEl Salvador
62%
Smallest country in the worldVatican City
60%
Smallest country in continental AfricaGambia
38%
Smallest country in AfricaSeychelles
37%
Smallest island countryNauru
36%
Smallest country in the AmericasSaint Kitts and Nevis
35%
Smallest country in continental AsiaLebanon
27%
Smallest country in AsiaMaldives
26%

Score Distribution

Percentile by Number Answered

Percent of People with Each Score

Your Score History

You have not taken this quiz